Veterinary microbiology and microbial disease (Record no. 3926)

MARC details
000 -LEADER
fixed length control field 00434nam a22001457a 4500
008 - FIXED-LENGTH DATA ELEMENTS--GENERAL INFORMATION
fixed length control field 250623b |||||||| |||| 00| 0 eng d
020 ## - INTERNATIONAL STANDARD BOOK NUMBER
ISBN 9781799601449
100 ## - MAIN ENTRY--AUTHOR
Author Peake Stewart
245 ## - TITLE STATEMENT
Title Veterinary microbiology and microbial disease
260 ## - PUBLICATION, DISTRIBUTION, ETC. (IMPRINT)
Place of publication New Orleans
Name of publisher White press Academic
Date of publication 2025
300 ## - COLLATION
Pagination Viii,300p.
Other physical details ill.
650 ## - TRACINGS
Main Subject Veterinary medicine
Subdivision (1st) Veterinary microbiology
942 ## - ADDED ENTRY ELEMENTS (KOHA)
Item type Books
050 ## - LIBRARY OF CONGRESS CALL NUMBER
Classification number SF780.2.P43
Item number .P43
Holdings
Source of classification or shelving scheme Not for loan Permanent location Current location Date acquired Accession No. Full call number Barcode. Koha item type
Library of Congress Classification   Samuel Ogbemudia Main Library, University of Abuja Samuel Ogbemudia Main Library, University of Abuja 06/23/2025 2025/65092 SF780.2.P43 2025-2624 Books